[Event "Powell Memorial G/45"]
[Site "San Francisco"]
[Date "2006.05.06"]
[Round "4"]
[White "Young, Gregory"]
[Black "Zavadsky, Peter"]
[Result "0-1"]
[WhiteElo "1870"]
[BlackElo "2302"]
[PlyCount "67"]
[EventDate "2006.05.06"]
[EventType "swiss (rapid)"]
[EventRounds "5"]
[EventCountry "USA"]

1. e4 e5 2. Nf3 Nc6 3. Bc4 Nf6 4. Ng5 d5 5. exd5 Na5 6. Bb5+ c6 7. dxc6 bxc6 8.
Be2 h6 9. Nf3 e4 10. Ne5 Bd6 11. d4 exd3 12. Nxd3 Qc7 13. h3 O-O 14. Nc3 Rb8
15. b3 c5 16. Bd2 c4 17. Nb2 Bb4 18. Nba4 Bb7 19. O-O Rbd8 20. Qc1 cxb3 21. Bf4
Qe7 22. cxb3 Rc8 23. Qb2 Ne4 24. Bd2 Nxd2 25. Qxd2 Rfd8 26. Qb2 Qg5 27. Bg4 f5
28. f4 Qf6 29. Bf3 Bxc3 30. Nxc3 Qxc3 31. Qxc3 Rxc3 32. Bxb7 Nxb7 33. Rac1 Rxc1
34. Rxc1 0-1

[Event "Powell Memorial G/45"]
[Site "San Francisco"]
[Date "2006.05.06"]
[Round "4"]
[White "Zheng, Daniel"]
[Black "Brown, Charles"]
[Result "1-0"]
[WhiteElo "1285"]
[BlackElo "631"]
[PlyCount "51"]
[EventDate "2006.05.06"]
[EventType "swiss (rapid)"]
[EventRounds "5"]
[EventCountry "USA"]

1. e4 c5 2. Nf3 d6 3. d4 cxd4 4. Nxd4 Nc6 5. Nc3 Nf6 6. Be3 e6 7. Bc4 b6 8. f3
Bb7 9. Qd2 Qd7 10. Bb5 Be7 11. O-O-O O-O 12. g4 Qc7 13. h4 a6 14. Bxc6 Bxc6 15.
Nxc6 Qxc6 16. h5 Rfc8 17. g5 Nd7 18. Rdg1 Ne5 19. Qf2 a5 20. f4 Nc4 21. g6 fxg6
22. hxg6 h6 23. Bd4 e5 24. fxe5 dxe5 25. Qf7+ Kh8 26. Rxh6+ 1-0

[Event "Powell Memorial G/45"]
[Site "San Francisco"]
[Date "2006.05.06"]
[Round "5"]
[White "Kislik, Erik"]
[Black "Malkiel, Dan"]
[Result "1-0"]
[WhiteElo "1963"]
[BlackElo "2110"]
[PlyCount "30"]
[EventDate "2006.05.06"]
[EventType "swiss (rapid)"]
[EventRounds "5"]
[EventCountry "USA"]

1. e4 e6 2. d4 d5 3. e5 c5 4. c3 Nc6 5. Nf3 Bd7 6. Be2 Nge7 7. a3 c4 8. Nbd2
Ng6 9. g3 f6 10. exf6 Qxf6 11. h4 Bd6 12. h5 Nge7 13. Bxc4 dxc4 14. Ne4 O-O 15.
Nxf6+ Rxf6 1-0

[Event "Powell Memorial G/45"]
[Site "San Francisco"]
[Date "2006.05.06"]
[Round "5"]
[White "Mitev, Krassen"]
[Black "Srinivasan, Aditya"]
[Result "1/2-1/2"]
[WhiteElo "1482"]
[BlackElo "1141"]
[PlyCount "64"]
[EventDate "2006.05.06"]
[EventType "swiss (rapid)"]
[EventRounds "5"]
[EventCountry "USA"]

1. d4 d5 2. c4 Nf6 3. Nc3 e6 4. Bg5 Bb4 5. e3 h6 6. Bh4 O-O 7. Nf3 Nc6 8. a3
Bxc3+ 9. bxc3 Re8 10. Bd3 e5 11. dxe5 Nxe5 12. Nxe5 Rxe5 13. O-O Qd6 14. Bg3
dxc4 15. Bxe5 Qxe5 16. Bxc4 Bf5 17. Qd4 Qe7 18. Rfd1 Ng4 19. h3 Nf6 20. Qf4 Bc2
21. Rd2 Be4 22. f3 Bg6 23. Kf2 Nh5 24. Qg4 Re8 25. Re1 Kh8 26. a4 f5 27. Qd4 c5
28. Qd5 Qh4+ 29. Kg1 Qxe1+ 30. Kh2 Qg3+ 31. Kg1 Qe1+ 32. Kh2 Qg3+ 1/2-1/2

[Event "Powell Memorial G/45"]
[Site "San Francisco"]
[Date "2006.05.06"]
[Round "5"]
[White "Mohan, Vijay"]
[Black "Whalley, Martin"]
[Result "0-1"]
[WhiteElo "1520"]
[BlackElo "1804"]
[PlyCount "59"]
[EventDate "2006.05.06"]
[EventType "swiss (rapid)"]
[EventRounds "5"]
[EventCountry "USA"]

1. e4 c5 2. Nc3 d6 3. f4 Nc6 4. Nf3 a6 5. a4 Nf6 6. Bc4 Bg4 7. h3 Bxf3 8. Qxf3
e6 9. d3 Nd4 10. Qf2 Qc7 11. Be3 Nc6 12. O-O h5 13. f5 e5 14. Nd5 Nxd5 15. Bxd5
Ne7 16. Bb3 Ng8 17. c3 b6 18. Bd5 Rb8 19. Rac1 Nf6 20. Bb3 Be7 21. Qg3 Kf8 22.
Bg5 Nh7 23. Bxe7+ Qxe7 24. Rfd1 h4 25. Qf3 Ng5 26. Qe3 f6 27. Bd5 Qd7 28. d4
Qxa4 29. dxe5 dxe5 30. Ra1 0-1

[Event "Powell Memorial G/45"]
[Site "San Francisco"]
[Date "2006.05.06"]
[Round "5"]
[White "Parker, Harold"]
[Black "Maparara, Anthony"]
[Result "0-1"]
[WhiteElo "1551"]
[BlackElo "1610"]
[PlyCount "72"]
[EventDate "2006.05.06"]
[EventType "swiss (rapid)"]
[EventRounds "5"]
[EventCountry "USA"]

1. e4 b6 2. d4 Bb7 3. Bd3 e6 4. Nf3 d6 5. c4 Nd7 6. O-O Be7 7. Nc3 h6 8. Be3
Ngf6 9. d5 O-O 10. Nd4 e5 11. Nf5 Nh7 12. Nxe7+ Qxe7 13. f4 exf4 14. Bxf4 Ne5
15. Be2 Rae8 16. Qe1 Bc8 17. Qg3 g5 18. Be3 f5 19. exf5 Bxf5 20. b3 Nxc4 21.
Bxg5 hxg5 22. bxc4 Qg7 23. Rae1 Qd4+ 24. Kh1 Re3 25. Rf3 Rfe8 26. Rc1 Qd2 27.
Qe1 Qxe1+ 28. Rxe1 Bg4 29. Rf2 Rxc3 30. g3 Bxe2 31. Rfxe2 Rxe2 32. Rxe2 Rxc4
33. Re8+ Kf7 34. Rd8 Nf6 35. Ra8 a5 36. Ra7 Nxd5 0-1

[Event "Powell Memorial G/45"]
[Site "San Francisco"]
[Date "2006.05.06"]
[Round "5"]
[White "Sanguinetti, George"]
[Black "Smelansky, Vadim"]
[Result "0-1"]
[WhiteElo "1959"]
[BlackElo "1789"]
[PlyCount "76"]
[EventDate "2006.05.06"]
[EventType "swiss (rapid)"]
[EventRounds "5"]
[EventCountry "USA"]

1. e4 e5 2. f4 d6 3. Nf3 Nc6 4. Bc4 Nf6 5. d3 Bg4 6. O-O Nd4 7. Nbd2 Qd7 8. c3
Ne6 9. f5 Nf4 10. Qb3 c6 11. h3 Bxf3 12. Nxf3 b5 13. g3 bxc4 14. Qxc4 Ne2+ 15.
Kh2 Nxc1 16. Raxc1 Rb8 17. b3 Be7 18. d4 d5 19. Qe2 Nxe4 20. Nxe5 Qd6 21. Qg4
Bf6 22. Nd3 h5 23. Qf3 h4 24. Nf4 hxg3+ 25. Kg2 Bg5 26. Qg4 Rh4 27. Qxh4 Bxh4
28. Nd3 Kf8 29. Rc2 Re8 30. Rf4 Bg5 31. Rg4 Bd2 32. Ne5 Bxc3 33. f6 gxf6 34.
Nf3 f5 35. Rh4 Qf6 36. Rf4 Bxd4 37. Nh4 Be5 38. Rxf5 Qxh4 0-1

[Event "Powell Memorial G/45"]
[Site "San Francisco"]
[Date "2006.05.06"]
[Round "5"]
[White "Zavadsky, Peter"]
[Black "Konda, Adarsh"]
[Result "0-1"]
[WhiteElo "2302"]
[BlackElo "2000"]
[PlyCount "37"]
[EventDate "2006.05.06"]
[EventType "swiss (rapid)"]
[EventRounds "5"]
[EventCountry "USA"]

1. d4 Nf6 2. c4 g6 3. Nc3 Bg7 4. e4 d6 5. Nf3 O-O 6. Be2 Nbd7 7. O-O e5 8. Re1
c6 9. Rb1 Nh5 10. dxe5 dxe5 11. h3 Qe7 12. b4 Rd8 13. Qc2 Nf8 14. b5 Ne6 15.
bxc6 bxc6 16. Qa4 Nd4 17. Ba3 Qd7 18. Bb4 a5 19. Bc5 {remainder illegible} 0-1

[Event "Stamer Memorial"]
[Site "San Francisco"]
[Date "2006.06.03"]
[Round "1"]
[White "Young, Gregory"]
[Black "Lupton, Stephen"]
[Result "1-0"]
[WhiteElo "1870"]
[BlackElo "1356"]
[PlyCount "75"]
[EventDate "2006.06.03"]
[EventType "swiss"]
[EventRounds "6"]
[EventCountry "USA"]

1. e4 e5 2. Nf3 Nc6 3. Bc4 Nf6 4. Ng5 Be7 5. Nxf7 O-O 6. Nxd8+ Kh8 7. Nf7+ Kg8
8. Nxe5+ Kh8 9. Nxc6 bxc6 10. Nc3 d6 11. d4 Bd7 12. O-O Rae8 13. e5 Ng8 14. e6
Bc8 15. d5 c5 16. Nb5 Nf6 17. Nxc7 Rd8 18. Nb5 Ba6 19. b3 Rb8 20. Nxa7 Bxc4 21.
bxc4 Rb7 22. Nc6 Kg8 23. Nxe7+ Rxe7 24. Bg5 Rb7 25. Bxf6 Rxf6 26. Re1 Re7 27.
a4 Rf4 28. Qb1 Re8 29. Qb5 Kf8 30. a5 g5 31. a6 Kg7 32. Qxe8 Rf8 33. Qe7+ Kh6
34. Qxf8+ Kh5 35. Re4 g4 36. e7 h6 37. Qf6 g3 38. e8=B# 1-0

[Event "Stamer Memorial"]
[Site "San Francisco"]
[Date "2006.06.03"]
[Round "2"]
[White "Gallegos, Paul"]
[Black "Oza, Nikunj"]
[Result "0-1"]
[WhiteElo "2200"]
[BlackElo "1863"]
[PlyCount "28"]
[EventDate "2006.06.03"]
[EventType "swiss"]
[EventRounds "6"]
[EventCountry "USA"]

1. e4 e5 2. f4 Nf6 3. fxe5 Nxe4 4. Nf3 Ng5 5. d4 Nxf3+ 6. Qxf3 Qh4+ 7. Qf2
Qxf2+ 8. Kxf2 Nc6 9. c3 d6 10. e6 Bxe6 11. Nd2 Bf5 12. Nc4 Be7 13. Bf4 O-O-O
14. Be2 Be6 0-1

[Event "Stamer Memorial"]
[Site "San Francisco"]
[Date "2006.06.03"]
[Round "4"]
[White "Gallegos, Paul"]
[Black "Riese, Kayven"]
[Result "0-1"]
[WhiteElo "2200"]
[BlackElo "1770"]
[PlyCount "22"]
[EventDate "2006.06.03"]
[EventType "swiss"]
[EventRounds "6"]
[EventCountry "USA"]

1. e4 c5 2. f4 d6 3. Nf3 Nc6 4. Nc3 g6 5. Bb5 Bd7 6. O-O Bg7 7. d3 e6 8. a3
Nge7 9. Kh1 O-O 10. Rb1 Na5 11. Bxd7 Qxd7 0-1

[Event "Stamer Memorial"]
[Site "San Francisco"]
[Date "2006.06.03"]
[Round "4"]
[White "Lupton, Stephen"]
[Black "Zhu, Kevin"]
[Result "0-1"]
[WhiteElo "1356"]
[BlackElo "1358"]
[PlyCount "96"]
[EventDate "2006.06.03"]
[EventType "swiss"]
[EventRounds "6"]
[EventCountry "USA"]

1. e4 c5 2. Nc3 Nc6 3. g3 g6 4. Bg2 Bg7 5. d3 d6 6. Be3 Nf6 7. h3 O-O 8. Qd2
Re8 9. f4 a6 10. Nf3 b5 11. g4 b4 12. Ne2 Nd7 13. d4 cxd4 14. Nexd4 Nxd4 15.
Nxd4 a5 16. f5 Ne5 17. b3 Bb7 18. Bh6 Bh8 19. O-O-O Qb6 20. Rhf1 a4 21. fxg6
hxg6 22. Qf4 axb3 23. axb3 Ba6 24. Rf2 e6 25. Rdd2 Re7 26. Bg5 Rc7 27. Bf6 Bxf6
28. Qxf6 Nd3+ 29. Kb1 Nxf2 30. Rxf2 Bb7 31. h4 e5 32. Ne6 fxe6 33. Qxg6+ Rg7
34. Qxe6+ Kh8 35. Qh6+ Kg8 36. Qe6+ Kh7 37. Qf5+ Kh8 38. Qf6 Qd8 39. Qh6+ Rh7
40. Qf6+ Qxf6 41. Rxf6 Rxh4 42. g5 Rg4 43. Bh3 Rxg5 44. Bf5 Rg1+ 45. Kb2 Rga1
46. Rh6+ Kg7 47. Rh7+ Kg8 48. Rxb7 R8a2# 0-1

[Event "Stamer Memorial"]
[Site "San Francisco"]
[Date "2006.06.04"]
[Round "6"]
[White "Kleiman, Charles"]
[Black "Riese, Kayven"]
[Result "0-1"]
[WhiteElo "1901"]
[BlackElo "1770"]
[PlyCount "176"]
[EventDate "2006.06.03"]
[EventType "swiss"]
[EventRounds "6"]
[EventCountry "USA"]

1. d4 Nf6 2. c4 e6 3. g3 Bb4+ 4. Bd2 Qe7 5. Bg2 Nc6 6. e3 a5 7. a3 Bxd2+ 8.
Qxd2 d6 9. Nc3 e5 10. d5 Nb8 11. Nge2 Bd7 12. O-O O-O 13. b4 axb4 14. axb4 Na6
15. Qb2 Rfb8 16. Ra2 c5 17. dxc6 bxc6 18. Qa1 Nc7 19. b5 Rxa2 20. Qxa2 cxb5 21.
Qa7 Qd8 22. cxb5 Nxb5 23. Nxb5 Rxb5 24. Rd1 Qb6 25. Qa8+ Ne8 26. Qa3 Rb1 27.
Qd3 Rxd1+ 28. Qxd1 Bf5 29. Nc3 Qb2 30. e4 Qxc3 31. exf5 Qc5 32. Qa4 Kf8 33. Qa8
Qc7 34. Bc6 Qe7 35. Qb8 f6 36. g4 Kf7 37. Bxe8+ Qxe8 38. Qxd6 g5 39. Kf1 Qb5+
40. Kg2 Qb7+ 41. Kg3 Kg7 42. Qe6 Qc7 43. Kg2 Qb7+ 44. f3 Qc7 45. h4 gxh4 46. g5
Qf7 47. gxf6+ Qxf6 48. Qd7+ Kh6 49. Kh3 Kg5 50. Qd2+ Kh5 51. Qd3 Qg5 52. Kh2
Qg3+ 53. Kh1 h3 54. Qe2 Kg5 55. Qe3+ Kxf5 56. Qd3+ Kg5 57. Qd8+ Kh6 58. Qf6+
Qg6 59. Qh4+ Kg7 60. Qe7+ Kg8 61. Qd8+ Kf7 62. Qd7+ Kf8 63. Qxh3 Qb1+ 64. Kg2
Qg6+ 65. Kf2 Qb6+ 66. Ke2 Qb2+ 67. Ke3 Qc3+ 68. Ke2 Qc4+ 69. Ke3 Qf4+ 70. Ke2
h6 71. Qc8+ Kf7 72. Qd7+ Kf6 73. Qd8+ Kg6 74. Qg8+ Kh5 75. Qe8+ Kh4 76. Qg8 Kh3
77. Qg6 Kh2 78. Kf2 Qg5 79. Qe4 h5 80. Kf1 Qg2+ 81. Ke1 Qg3+ 82. Kf1 h4 83.
Qe2+ Kh1 84. Qe4 h3 85. Qe3 Qg2+ 86. Ke1 Qg1+ 87. Ke2 Qxe3+ 88. Kxe3 Kg2 0-1

[Event "Stamer Memorial"]
[Site "San Francisco"]
[Date "2006.06.04"]
[Round "6"]
[White "Ossipov, Victor"]
[Black "Calpo, Benjamin"]
[Result "1/2-1/2"]
[WhiteElo "2136"]
[BlackElo "1637"]
[PlyCount "28"]
[EventDate "2006.06.03"]
[EventType "swiss"]
[EventRounds "6"]
[EventCountry "USA"]

1. d4 Nf6 2. Nf3 g6 3. Bf4 d6 4. e3 Bg7 5. h3 O-O 6. Be2 Nbd7 7. O-O Re8 8. c3
c6 9. Bh2 b5 10. a4 bxa4 11. Qxa4 Bb7 12. Kh1 {nam} Nb6 13. Qa2 Bh6 14. c4 Bc8
1/2-1/2

[Event "Stamer Memorial"]
[Site "San Francisco"]
[Date "2006.06.04"]
[Round "6"]
[White "Wang, Drake"]
[Black "Shipman, Walter"]
[Result "1-0"]
[WhiteElo "2224"]
[BlackElo "2212"]
[PlyCount "93"]
[EventDate "2006.06.03"]
[EventType "swiss"]
[EventRounds "6"]
[EventCountry "USA"]

1. e4 e5 2. Nf3 Nc6 3. d4 exd4 4. Bc4 Bc5 5. c3 Nf6 6. cxd4 Bb4+ 7. Bd2 Bxd2+
8. Nbxd2 d5 9. exd5 Nxd5 10. Qb3 Nce7 11. O-O O-O 12. Ne4 h6 13. Ne5 b6 14.
Rfe1 Be6 15. Rac1 f6 16. Nc3 c6 17. Nxc6 Nxc6 18. Bxd5 Bxd5 19. Nxd5 Na5 20.
Ne7+ Kh7 21. Qd3+ f5 22. Nxf5 Kh8 23. Ne7 Rf6 24. Qe4 b5 25. b3 Rd6 26. Rcd1
Qb8 27. Rd3 Qb7 28. d5 Qd7 29. Rf3 Rd8 30. Rf7 Qe8 31. Qf5 Rxd5 32. Ng6+ Kh7
33. Ne5+ Kg8 34. h3 Rxe5 35. Rxg7+ Kxg7 36. Rxe5 Qf8 37. Qe4 Nc6 38. Re6 Nd4
39. Re7+ Kf6 40. Qe5+ Kg6 41. h4 Nf5 42. Re6+ Kh7 43. Rf6 Rd1+ 44. Kh2 Rd5 45.
Qc7+ Qg7 46. Rf7 Rd2 47. Qxa7 1-0

[Event "Summer TNM"]
[Site "San Francisco"]
[Date "2006.06.06"]
[Round "1"]
[White "Adkins, Rico"]
[Black "Sanguinetti, George"]
[Result "0-1"]
[WhiteElo "1629"]
[BlackElo "1959"]
[PlyCount "74"]
[EventDate "2006.06.06"]
[EventType "swiss"]
[EventRounds "8"]
[EventCountry "USA"]

1. Nf3 d5 2. c4 d4 3. b4 Bg4 4. Qb3 f6 5. Bb2 e5 6. g3 Na6 7. c5 c6 8. Bg2 Nc7
9. O-O Qd7 10. Re1 Rd8 11. d3 Ne7 12. Nbd2 Bh3 13. Nc4 Ng6 14. e3 Bxg2 15. Kxg2
dxe3 16. Rxe3 Nd5 17. Re4 Be7 18. d4 O-O 19. dxe5 Kh8 20. Rae1 f5 21. Rd4 f4
22. Nd6 fxg3 23. fxg3 Qe6 24. Nxb7 Rb8 25. Na5 Bxc5 26. Ng5 Qf5 27. Nh3 Bxd4
28. Bxd4 Rxb4 29. Qd1 Nde7 30. Nb3 Ra4 31. Qe2 Qe6 32. Rd1 h6 33. Ba1 Qc4 34.
Rd3 Rxa2 35. Qxa2 Qxd3 36. e6 Qf3+ 37. Kg1 Qf1# 0-1

[Event "Summer TNM"]
[Site "San Francisco"]
[Date "2006.06.06"]
[Round "1"]
[White "Bacelar, Erickson"]
[Black "Braden, Brian"]
[Result "1-0"]
[WhiteElo "1749"]
[BlackElo "1135"]
[PlyCount "39"]
[EventDate "2006.06.06"]
[EventType "swiss"]
[EventRounds "8"]
[EventCountry "USA"]

1. d4 d5 2. c4 e6 3. Nc3 Nf6 4. Bg5 Be7 5. Nf3 c6 6. e3 O-O 7. Bd3 Nbd7 8. O-O
c5 9. Rc1 b6 10. cxd5 cxd4 11. Nxd4 Nxd5 12. Nc6 Nxc3 13. Rxc3 Qe8 14. Nxe7+
Kh8 15. Rxc8 Rxc8 16. Nxc8 Qxc8 17. Qc2 g6 18. Rc1 Qb7 19. h3 Ne5 20. Bf6+ 1-0

[Event "Summer TNM"]
[Site "San Francisco"]
[Date "2006.06.06"]
[Round "1"]
[White "Bayaraa, Bekhtur"]
[Black "Todortsev, Victor"]
[Result "0-1"]
[WhiteElo "1596"]
[BlackElo "1936"]
[PlyCount "74"]
[EventDate "2006.06.06"]
[EventType "swiss"]
[EventRounds "8"]
[EventCountry "USA"]

1. e4 c5 2. Nf3 d6 3. d4 cxd4 4. Nxd4 Nf6 5. Nc3 Nc6 6. Be3 g6 7. f3 Bg7 8. Qd2
O-O 9. Bc4 Na5 10. Bb3 Nxb3 11. axb3 b6 12. h4 h5 13. O-O-O Bd7 14. Bh6 b5 15.
Bxg7 Kxg7 16. Qg5 b4 17. Na4 Qc7 18. Nf5+ Bxf5 19. exf5 Rac8 20. Rd2 Qa5 21.
fxg6 Rc5 22. Qe3 fxg6 23. Qxe7+ Rf7 24. Qxd6 Rcc7 25. Rhd1 Qb5 26. Qd3 Qe5 27.
Qd6 Qb5 28. Qd3 Qe5 29. Qd6 Qb5 30. Qf4 a5 31. g4 Nxg4 32. Qg3 Ne3 33. Rg1 Qf5
34. Kb1 Rxc2 35. Rxc2 Nxc2 36. Ka2 Nd4 37. f4 Ne2 0-1

[Event "Summer TNM"]
[Site "San Francisco"]
[Date "2006.06.06"]
[Round "1"]
[White "Bertot, German"]
[Black "Whalley, Martin"]
[Result "0-1"]
[WhiteElo "1439"]
[BlackElo "1830"]
[PlyCount "98"]
[EventDate "2006.06.06"]
[EventType "swiss"]
[EventRounds "8"]
[EventCountry "USA"]

1. d4 d5 2. c4 Bf5 3. Nc3 e6 4. Nf3 c6 5. cxd5 exd5 6. Bf4 Bd6 7. Bxd6 Qxd6 8.
e3 Nf6 9. Bd3 Bxd3 10. Qxd3 Nbd7 11. O-O O-O 12. h3 Rae8 13. Rac1 Ne4 14. Nd2
f5 15. Ncxe4 fxe4 16. Qb3 Qb8 17. Qb4 g5 18. Nb3 h5 19. Na5 Nb6 20. Nb3 Nc4 21.
Nc5 Rf7 22. b3 Nd6 23. Qd2 Qc8 24. Qe2 g4 25. h4 Nf5 26. g3 Nxh4 27. gxh4 Rf3
28. Kg2 Ref8 29. Nxe4 dxe4 30. Qc4+ Kh7 31. Qc5 Qf5 32. Qxf5+ R8xf5 33. Rc5 Kg6
34. Rc2 Rh3 35. Rh1 Rff3 36. Rcc1 Rxh1 37. Rxh1 g3 38. fxg3 Rxe3 39. Kf2 Rd3
40. Re1 Rxd4 41. Ke3 Rd3+ 42. Kf4 Rf3+ 43. Ke5 e3 44. Kd4 Rxg3 45. Rxe3 Rxe3
46. Kxe3 Kf5 47. Kf3 c5 48. a3 b6 49. a4 a6 0-1

[Event "Summer TNM"]
[Site "San Francisco"]
[Date "2006.06.06"]
[Round "1"]
[White "Capdeville, Barry"]
[Black "Smelansky, Vadim"]
[Result "1-0"]
[WhiteElo "1186"]
[BlackElo "1789"]
[PlyCount "117"]
[EventDate "2006.06.06"]
[EventType "swiss"]
[EventRounds "8"]
[EventCountry "USA"]

1. e4 e5 2. Nf3 Nc6 3. d4 exd4 4. Nxd4 Bc5 5. Be3 Bxd4 6. Bxd4 Nxd4 7. Qxd4 f6
8. Nc3 Ne7 9. Bc4 d6 10. O-O-O Nc6 11. Qd5 Qe7 12. Qh5+ g6 13. Qf3 Ne5 14. Qe2
Nxc4 15. Nd5 Qf7 16. Qxc4 c6 17. Ne3 Be6 18. Qb4 O-O 19. Rxd6 a5 20. Qa3 Rfc8
21. Rhd1 Ra6 22. Rd8+ Rxd8 23. Rxd8+ Kg7 24. Rd4 b5 25. Qd3 c5 26. Rd6 c4 27.
Qd4 Rxd6 28. Qxd6 Qd7 29. Qxd7+ Bxd7 30. Kd2 Kf7 31. Kc3 Ke6 32. Kd4 Kd6 33.
Nd5 Ke6 34. f4 Bc6 35. Kc5 Bb7 36. Kxb5 f5 37. Kxc4 fxe4 38. Ne3 g5 39. g3 h6
40. Kb5 gxf4 41. gxf4 Kd6 42. c4 Bc6+ 43. Kxa5 Kc5 44. b4+ Kd4 45. b5 Ba8 46.
Kb4 Kxe3 47. f5 Kf2 48. f6 e3 49. f7 e2 50. f8=Q+ Bf3 51. Qe7 e1=Q+ 52. Qxe1+
Kxe1 53. b6 Kd2 54. c5 Bc6 55. a4 Kd3 56. a5 Kd4 57. a6 Kd5 58. b7 h5 59. b8=Q
1-0

[Event "Summer TNM"]
[Site "San Francisco"]
[Date "2006.06.06"]
[Round "1"]
[White "Chan, John"]
[Black "Ossipov, Victor"]
[Result "0-1"]
[WhiteElo "1692"]
[BlackElo "2145"]
[PlyCount "120"]
[EventDate "2006.06.06"]
[EventType "swiss"]
[EventRounds "8"]
[EventCountry "USA"]

1. c4 e6 2. Nc3 d5 3. cxd5 exd5 4. d4 c6 5. Nf3 Bf5 6. Qb3 Qb6 7. Qxb6 axb6 8.
Nh4 Bc2 9. Bf4 Be7 10. Nf3 Nd7 11. g4 b5 12. Rc1 Bg6 13. a3 Ngf6 14. h3 b4 15.
axb4 Bxb4 16. Bg2 Ra2 17. O-O Rxb2 18. Ne5 Nxe5 19. dxe5 Bxc3 20. Rxc3 Ne4 21.
Bxe4 Bxe4 22. Ra1 Kd7 23. f3 Bg6 24. Kf1 f6 25. Re3 Re8 26. exf6 gxf6 27. Rxe8
Bxe8 28. Be3 Rb3 29. Bd4 Ke6 30. Ra8 Bf7 31. Rh8 Rb4 32. Bc3 Rc4 33. Bb2 Rc2
34. Ba3 Bg6 35. Rb8 Rc3 36. Bb4 Rc1+ 37. Kf2 c5 38. Ba5 Rb1 39. f4 f5 40. Bc7
d4 41. Rd8 Rb2 42. Kf1 Rb3 43. Rd6+ Ke7 44. Rd5 b6 45. gxf5 Bf7 46. Bd8+ Ke8
47. Rd6 b5 48. f6 Bc4 49. Be7 Rf3+ 50. Kg2 Rxf4 51. Rd8+ Kf7 52. Rf8+ Kg6 53.
Bxc5 Bxe2 54. Rd8 d3 55. Rg8+ Kh5 56. Be3 Rxf6 57. Rg5+ Kh4 58. Rxb5 Bf1+ 59.
Kg1 Kxh3 60. Bd2 Be2 0-1

[Event "Summer TNM"]
[Site "San Francisco"]
[Date "2006.06.06"]
[Round "1"]
[White "Hartsough, Chester"]
[Black "Standen, Julian"]
[Result "0-1"]
[WhiteElo "829"]
[BlackElo "1742"]
[PlyCount "76"]
[EventDate "2006.06.06"]
[EventType "swiss"]
[EventRounds "8"]
[EventCountry "USA"]

1. e4 c6 2. Nf3 d5 3. exd5 cxd5 4. Bd3 Nf6 5. b3 Bg4 6. Bb2 Nc6 7. Bxf6 gxf6 8.
Be2 e6 9. Nc3 Bd6 10. a3 a6 11. b4 b5 12. Rb1 f5 13. d4 Qf6 14. Nd2 Qxd4 15.
Rb3 Qg7 16. h3 Bxe2 17. Nxe2 Rg8 18. g3 Nd4 19. Rd3 Nxe2 20. Qxe2 Qa1+ 21. Qd1
Qxd1+ 22. Kxd1 Ke7 23. Re1 Kf6 24. h4 Rac8 25. Nf3 Rc7 26. Ree3 Rgc8 27. c3 f4
28. Re2 Rxc3 29. Rxc3 Rxc3 30. Ng5 h6 31. Nh3 fxg3 32. fxg3 Rxg3 33. Rf2+ Ke7
34. Nf4 Rxa3 35. Nh5 Ra1+ 36. Ke2 Ra2+ 37. Kf1 Rxf2+ 38. Kxf2 Bxb4 0-1

[Event "Summer TNM"]
[Site "San Francisco"]
[Date "2006.06.06"]
[Round "1"]
[White "Ladyzhensky, Boris"]
[Black "Mar, Craig"]
[Result "0-1"]
[WhiteElo "1733"]
[BlackElo "2419"]
[PlyCount "62"]
[EventDate "2006.06.06"]
[EventType "swiss"]
[EventRounds "8"]
[EventCountry "USA"]

1. e4 c5 2. Nf3 d6 3. d4 cxd4 4. Nxd4 Nf6 5. Nc3 a6 6. Bc4 e6 7. Bb3 Nc6 8. Be3
Bd7 9. a4 Rc8 10. f4 Na5 11. Qf3 Nxb3 12. cxb3 Qa5 13. O-O Be7 14. Qg3 O-O 15.
e5 dxe5 16. fxe5 Nh5 17. Qg4 Qxe5 18. Rae1 Nf6 19. Rxf6 Qxf6 20. Nd5 exd5 21.
Qxd7 Bc5 22. Rd1 Qe7 23. Qh3 Rce8 24. Bf2 Qf6 25. Qc3 Ba7 26. Qa5 Re2 27. Nxe2
Qxf2+ 28. Kh1 Qxe2 29. Qxd5 Re8 30. h3 Bb8 31. Qd8 h5 0-1

[Event "Summer TNM"]
[Site "San Francisco"]
[Date "2006.06.06"]
[Round "1"]
[White "Lupton, Stephen"]
[Black "Krasnov, Steven"]
[Result "0-1"]
[WhiteElo "1356"]
[BlackElo "1826"]
[PlyCount "98"]
[EventDate "2006.06.06"]
[EventType "swiss"]
[EventRounds "8"]
[EventCountry "USA"]

1. e4 d6 2. g3 c5 3. Nc3 Nc6 4. d3 g6 5. Bg2 Bg7 6. Be3 Nf6 7. h3 Rb8 8. Qd2 b5
9. Rb1 a5 10. a4 b4 11. Nce2 Ba6 12. c4 bxc3 13. Nxc3 Rb4 14. Bh6 Bxh6 15. Qxh6
Bxd3 16. Rd1 c4 17. Nd5 Rxb2 18. Nxf6+ exf6 19. Rd2 Qb6 20. Ne2 Rb1+ 21. Rd1
Qb4+ 22. Qd2 Rxd1+ 23. Kxd1 Qxa4+ 24. Ke1 O-O 25. Nf4 Ne5 26. Nd5 Kg7 27. h4
Rb8 28. f4 Ng4 29. Nc3 Qa1+ 30. Nd1 Rb1 31. Bf3 h5 32. Bxg4 hxg4 33. h5 Bxe4
34. hxg6 Rxd1+ 35. Qxd1 Qxd1+ 36. Kxd1 Bxh1 37. gxf7 Kxf7 38. Kc2 Ke6 39. Kb2
Kd5 40. Kc3 Kc5 41. Kb2 Kb4 42. f5 Be4 43. Kc1 c3 44. Kd1 a4 45. Ke2 a3 46. Ke3
d5 47. Kf4 c2 48. Kxg4 c1=Q 49. Kh5 Qg5# 0-1

[Event "Summer TNM"]
[Site "San Francisco"]
[Date "2006.06.06"]
[Round "1"]
[White "Nip, Nicholas"]
[Black "Grey, Peter"]
[Result "1/2-1/2"]
[WhiteElo "1671"]
[BlackElo "2000"]
[PlyCount "61"]
[EventDate "2006.06.06"]
[EventType "swiss"]
[EventRounds "8"]
[EventCountry "USA"]

1. e4 e5 2. Nf3 Nc6 3. Bc4 Nf6 4. d3 Be7 5. c3 O-O 6. O-O d6 7. Nbd2 Na5 8. Bb5
a6 9. Ba4 b5 10. Bc2 c5 11. Qe2 Qc7 12. Re1 Nc6 13. Nf1 Re8 14. Ne3 Bf8 15. Bd2
g6 16. Bb3 Bg7 17. Ng5 Nd8 18. a4 Rb8 19. axb5 axb5 20. Ra2 h6 21. Nf3 Bb7 22.
Rea1 Nc6 23. Nh4 Kh7 24. Ng4 Nxg4 25. Qxg4 Bc8 26. Qg3 Be6 27. Bxe6 Rxe6 28.
Nf3 Ree8 29. Qh4 Qb7 30. Ng5+ Kg8 31. Nf3 1/2-1/2

[Event "Summer TNM"]
[Site "San Francisco"]
[Date "2006.06.06"]
[Round "1"]
[White "Parker, Frank"]
[Black "Kwok, James"]
[Result "1/2-1/2"]
[WhiteElo "1812"]
[BlackElo "1204"]
[PlyCount "41"]
[EventDate "2006.06.06"]
[EventType "swiss"]
[EventRounds "8"]
[EventCountry "USA"]

1. d4 Nf6 2. Nf3 d5 3. c4 e6 4. Bg5 Be7 5. e3 Nbd7 6. Nc3 h6 7. Bh4 O-O 8. Bd3
b6 9. cxd5 exd5 10. O-O Bb7 11. Rc1 Rc8 12. Nb5 a6 13. Na7 Ra8 14. Nc6 Bxc6 15.
Rxc6 Re8 16. Bg3 Nb8 17. Rc2 Nbd7 18. Ne5 Bd6 19. Nc6 Qc8 20. Bxd6 cxd6 21. Qc1
{remainder illegible} 1/2-1/2

[Event "Summer TNM"]
[Site "San Francisco"]
[Date "2006.06.06"]
[Round "1"]
[White "Penoyer, Flyn"]
[Black "Hilliard, Michael"]
[Result "1-0"]
[WhiteElo "1829"]
[BlackElo "1400"]
[PlyCount "65"]
[EventDate "2006.06.06"]
[EventType "swiss"]
[EventRounds "8"]
[EventCountry "USA"]

1. e4 c6 2. Nc3 d5 3. d4 dxe4 4. f3 exf3 5. Nxf3 e6 6. Bd3 Nf6 7. O-O Bd6 8.
Qe1 Nbd7 9. Ng5 Qe7 10. Qh4 Nf8 11. Bd2 Bd7 12. Nce4 O-O-O 13. Nxd6+ Qxd6 14.
Nxf7 Qe7 15. Nxh8 c5 16. Bg5 Bc6 17. Rxf6 gxf6 18. Bxf6 Qd6 19. Bxd8 Qxd8 20.
Qxd8+ Kxd8 21. Nf7+ Ke7 22. Ne5 cxd4 23. Nxc6+ bxc6 24. Re1 Kd6 25. c3 c5 26.
Re4 e5 27. Rh4 a5 28. Rh6+ Ng6 29. h4 Kd5 30. c4+ Ke6 31. h5 Kf6 32. hxg6 Kg5
33. gxh7 1-0